000 00253nam a22001217a 4500
003 SGT
082 _bRAO
100 _aRAO, DR. A.N.
245 _aINDIAN JOURNAL OF WEED SCIENCE
260 _aINDIA
_bICAR
_c2022-2023
300 _a430
942 _2ddc
_cBV
999 _c29865
_d29865